00393nam a22001457a 4500003000400000005001700004008004100021020001800062040002300080050001900103082001900122100001900141245005400160260003300214OSt20211125143235.0211125b |||||||| |||| 00| 0 eng d a0 12 326040 x cHawassa university a664.001579/HAR a664.001579/HAR aHarrigan w. f. aLaboratory methods in food and dairy microbiology aLondonbAcademic pressc1976